| 000 | 00795nam a22002415i 4500 | ||
|---|---|---|---|
| 001 | 176797 | ||
| 003 | ES-MaACL | ||
| 005 | 20250811094326.0 | ||
| 008 | 110210s1969 sp ao |||| | spa d | ||
| 080 | _a133.52 | ||
| 100 | 1 |
_aGauquelin, Michel. _956022 |
|
| 245 | 1 | 3 |
_aLa astrología ante la ciencia / _c[Michel Gauquelin ; traducción de Vicente de Artadil]. |
| 250 | _a1ª ed. | ||
| 260 |
_aBarcelona : _bPlaza & Janés, _c1969. |
||
| 300 |
_a255 p. : _bil. bl. y n. ; _c18 cm. |
||
| 490 | 1 |
_aEnciclopedia Horizonte ; _v3 |
|
| 504 | _aBibliografía: p. 251-255. | ||
| 650 | 0 | 7 |
_aAstrología _2embne _910384 |
| 700 | 0 |
_aArtadi, Vicente de. _923414 |
|
| 830 | 0 |
_aEnciclopedia Horizonte ; _v3 _9190248 |
|
| 852 |
_aES-MaACL _jE-14272 _xOlim P-1404 |
||
| 999 |
_c176797 _d176797 |
||